00926nam a2200241 a 450000100060000000300080000600500170001400800410003103500290007204000420010104100080014308200210015110000450017224500630021726000640028030000270034450000810037150000510045250500760050365000210057965000380060071000460063849585BD-RjUL20211209054710.0160821s1955 enka 001 0 eng  a51-08868a(BD-RjUL)49704 aDLCcMSCdSERdm.cdEQOdBD-RjULbeng aeng a338.91bMET 19551 aMeade, J. E.q(James Edward),d1907-199514aThe theory of international economic policy /cJ.E. Meade. aLondon :bOxford University Press,c1955.c[Reprinted 1961] a2 v. :bill. ;c23 cm. a"Issued under the auspices of the Royal Institute of International Affairs." aIncludes bibliographical references and index.0 av. 2. Trade and welfare -- Trade and welfare : mathematical supplement. 0aEconomic policy. 0aInternational economic relations.2 aRoyal Institute of International Affairs.